BUBT Library Online Catalog

The Small Cause Courts Act, 1887 : land survey & appellate tribunal/ (Record no. 2984)

000 -LEADER
fixed length control field 00671nam a2200229Ia 4500
003 - CONTROL NUMBER IDENTIFIER
control field BUBTL
008 - FIXED-LENGTH DATA ELEMENTS--GENERAL INFORMATION
fixed length control field 151213s9999 xx 000 0 und d
041 ## - LANGUAGE CODE
Language code of text/sound track or separate title Bangla + English
082 ## - DEWEY DECIMAL CLASSIFICATION NUMBER
Edition number 1st ed.
Classification number 347.04/ H211s/ 2006
100 ## - MAIN ENTRY--PERSONAL NAME
Personal name Haque, Md. Shamsul
9 (RLIN) 4024
245 ## - TITLE STATEMENT
Title The Small Cause Courts Act, 1887 : land survey & appellate tribunal/
Statement of responsibility, etc. Md. Shamsul Haque
250 ## - EDITION STATEMENT
Edition statement 1st ed.
260 ## - PUBLICATION, DISTRIBUTION, ETC. (IMPRINT)
Place of publication, distribution, etc. Dhaka
Name of publisher, distributor, etc. Romana Haque
Date of publication, distribution, etc. c2006
300 ## - PHYSICAL DESCRIPTION
Extent 640 p. :
Other physical details ill. ; 21 cm.
526 ## - STUDY PROGRAM INFORMATION NOTE
Program name Law
650 #0 - SUBJECT ADDED ENTRY--TOPICAL TERM
Topical term or geographic name as entry element Law
9 (RLIN) 26
650 ## - SUBJECT ADDED ENTRY--TOPICAL TERM
Topical term or geographic name as entry element Law
700 ## - ADDED ENTRY--PERSONAL NAME
Personal name Md. Shamsul Haque
9 (RLIN) 5483
856 ## - ELECTRONIC LOCATION AND ACCESS
Password 0
Logon 0
Link text Download
942 ## - ADDED ENTRY ELEMENTS (KOHA)
Source of classification or shelving scheme
Koha item type Books
Holdings
Withdrawn status Lost status Source of classification or shelving scheme Damaged status Not for loan Collection code Permanent location Current location Shelving location Date acquired Source of acquisition Inventory number Total Checkouts Full call number Barcode Date last seen Copy number Price effective from Koha item type
          Non-fiction Bangladesh University of Business and Technology Library Bangladesh University of Business and Technology Library Law Stacks 12/04/2007 Purchase 4631   347.04/ H211s/ 2006 BUBTL-20034631 01/03/2024 C-1 01/03/2024 Books

More Information About Library

Library Hours

  • Open: 9.00 am. to 9.00 pm.
  • Only Sunday: 9.00 am. to 6.00 pm.
  • Closed: Holiday

Contact to the University

Bangladesh University of Business and Technology Library

  • Mirpurl-2, 1216.
  • Phone:
  • Fax:
  • E-Mail: admin.library@bubt.edu.bd

Contact to the Library

Contact Person:

Md. Abdul Hakim Shah
Joint Librarian
PABX No:  113
Cell No: 01816332931
E-mail: official: admin.library@bubt.edu.bd
Personal: hakim.shah@bubt.edu.bd


BUBT Library

Copyright © 2021